01569cam a22004214i 4500003000900000005001700009008004100026020001500067020001800082035002000100040003300120082001900153245019400172264005000366300004000416336002100456337002500477338002300502490005500525504004000580504003400620505028500654526001000939526001000949526001000959526001000969526000800979526000800987526000800995526000801003526000801011526000801019526000801027650002601035650002601061650003101087700002901118PE-LiUPU20250731172931.0170620s2011 na rb 001 0 eng d a9004194592 a9789004194595 a(Sirsi) a204426 aPE-LiUPUbspacPE-LiUPUerda04a201.65bI722300aIs theology a science? :bthe nature of the scientific enterprise in the scientific theology of Thomas Forsyth Torrance and the anarchic epistemology of Paul Feyerabend /cby David Munchin. 1aLeiden Netherlands ;aBoston :bBrill,c2011. ax, 298 páginas ;c25 centimetros. atext2rdacontent aunmediated2rdamedia avolume2rdacarrier0 aStudies in systematic theology,x1876-1518 ;vv. 7 aBibliografía : páginas 283-293. aÍndices: páginas 295-298.0 aIntroduction: context and history -- Introducing the dialoque partners: torrance -- Torrance theology cohabiting with -- Torrance's proposal - a new objectivity -- Feyerabend's challenge - knowledge without -- Two excurses -- Coherence and language -- From foundations to spirals. aSEG42 aSEG41 aSEG40 aSEG39 aP94 aP87 aP86 aP85 aP77 aP76 aP35 0aReligión y ciencia. 0aCienciaxFilosofía. 0aTeologíaxMetodología.1 aMunchin, David,eeditor.